000 00371 a2200157 4500
001 185766
020 _a978-85-10-04565-0
040 _cMagnum
100 _aCasasanta, Therezinha
240 1 0 _aGirafinha flor faz uma descoberta
_lpor
245 1 0 _aGirafinha flor faz uma descoberta
300 _a23
362 0 _a2010
697 _aLITERATURA INFANTIL
942 _cBK
999 _c185766
_d185766